1832 1661 1400 1364 1724 1131 1022 1957 1356 1447 1400 1718 1947 1722 1842 1848 1475 1951 1567 1027 1394 1718 1661 1551 1568 1106 1565 1179 1473 1958 1419 1989 1313 1770 1255 1171 1957 1064 1563 1635 1615 1098 1565 1691 1178 1353 1454 1492 1282 1648 1059 1185 1708 1634 1866 1402 1008 1660 1778 1612 2000 1554 1307 1221 1308 1125 1688 1384 1561 1667 1285 1908 1569 1868 1920 1302 1444 1373 1902 1339 1463 1578 1776 1547 1980 1764 1282 1560 1239 1197 1907 1078 1355 1100 1045 1468 1905 1660 1008 BCNSPRNW ULIB Ver.6.0+V

เปลี่ยนเป็นภาษาไทย

Change to English
 แสดงรายละเอียดบรรณานุกรม
  กลับหน้าหลัก

Brief Record : Get Marc (ISO 2709) : E-mail record : QR code < ปิดหน้าต่าง
LEADER : 00000nam 2200000uu 4500
001    13399120892
003     ULIB
008    080317s2550 th a 000 0 tha d
020    ^a9789748485737
040    ^acl
050  4 ^aDS569^bส941ว 2550
100 0  ^aสมรักษ์ ชัยสิงห์กานานนท์
245 10 ^aวัฒนธรรม ความตาย กับความหลากหลายทางชาติพันธุ์ :^bมอญ โซ่งกะเหรี่ยง ม้ง เย้า /^cสมรักษ์ ชัยสิงห์กานานนท์, สรินยาคำเมือง, อธิตา สุนทโรทก
250    ^aพิมพ์ครั้งที่
260    ^aกรุงเทพฯ :^bสำนักวิจัยสังคมและสุขภาพ (สวสส.),^c2550
300    ^avii, 184หน้า :^bภาพประกอบ ;^c30 ซม.
650  4 ^aกลุ่มชาติพันธุ์
650  4 ^aกลุ่มชาติพันธุ์^xผู้ป่วย^xการดูแล
650  4 ^aไทย^xความเป็นอยู่และประเพณี
650  4 ^aมอญ^xความเป็นอยู่และประเพณี
650  4 ^aโซ่ง^xความเป็นอยู่และประเพณี
650  4 ^aกะเหรี่ยง^xความเป็นอยู่และประเพณี
650  4 ^aม้ง^xความเป็นอยู่และประเพณี
650  4 ^aเย้า^xความเป็นอยู่และประเพณี
650  4 ^aชาวเขา^xพิธีศพ
650  4 ^aชนกลุ่มน้อย
700 0  ^aสรินยา คำเมือง
700 0  ^aอธิตา สุนทโรทก
945    ^p120^l0^i14987
995    ^aกัณชพร
999    ^aกัณชพร
รายการนี้ยังไม่มีแท็ก
คุณยังไม่ได้ล็อกอิน คุณสามารถมีกิจกรรมร่วมกับเว็บไซต์ได้ แต่ต้องล็อกอินก่อน ::
  ล็อกอิน

รายการสื่อสารสนเทศ

ลำดับที่ ประเภท เลขเรียก/บาร์โค้ด สถานที่ สถานะ
1. วิทยาศาสตร์การแพทย์ และสุขภาพ
วิทยาศาสตร์การแพทย์ และสุขภาพ
DS569 ส941ว 2550  
  Barcode: 14987
ห้องสมุดวิทยาเขตสวรรค์ประชารักษ์
►หนังสือทั่วไป
บนชั้น

รายการใกล้เคียง
    ผู้แต่ง [สมรักษ์ ชัยสิงห์กานานนท์]

    หัวเรื่อง [กลุ่มชาติพันธุ์]
    หัวเรื่อง [ชนกลุ่มน้อย]

BibComment


ยังไม่เคยถูกคอมเมนท์

คอมเมนท์ทรัพยากรรายการนี้
  คอมเมนท์: วัฒนธรรม ความตาย..


 Copyright 2026. Bcnsprnw @Library